[Event "RSA-chT U16"]
[Site "Cape Town"]
[Date "2016.01.04"]
[Round "1.9"]
[White "Jones, Liam Stewart"]
[Black "Phetoane, Gift"]
[Result "0-1"]
[WhiteElo "1049"]
[BlackElo "830"]
[PlyCount "114"]
[EventDate "2016.01.04"]
[EventType "team-tourn"]
[EventRounds "7"]
[EventCountry "RSA"]
[SourceTitle "CBM 170 Extra"]
[Source "ChessBase"]
[SourceDate "2016.02.25"]
[SourceVersion "1"]
[SourceVersionDate "2016.02.25"]
[SourceQuality "1"]
[WhiteTeam "Ekurhuleni"]
[BlackTeam "Kenneth Kaunda"]
[WhiteTeamCountry "RSA"]
[BlackTeamCountry "RSA"]

1. d4 d5 2. e3 Nf6 3. c4 Nc6 4. cxd5 Qxd5 5. Nc3 Qd8 6. Nf3 e6 7. a3 Be7 8. b4 0-0 9. Bb2 e5 10. dxe5 Ng4 11. Nd5 Be6 12. Nxe7+ Qxe7 13. Nd4 Rad8 14. Bd3 Ngxe5 15. Nxc6 Nxc6 16. Qc2 g6 17. 0-0 Qg5 18. Bc4 Bh3 19. Qe4 Bf5 20. Qf4 Qxf4 21. exf4 Be6 22. Bxe6 fxe6 23. Rfe1 Rde8 24. g3 Rf7 25. b5 Nb8 26. Rec1 c6 27. bxc6 Nxc6 28. Re1 Rf5 29. Rad1 Rb5 30. Bd4 Ra5 31. Bb2 Rb5 32. Bc1 e5 33. fxe5 Rexe5 34. Rxe5 Rxe5 35. Kg2 Re6 36. Rd7 Re7 37. Rxe7 Nxe7 38. Kf3 Kf7 39. Ke4 Ke6 40. Bg5 Nf5 41. Be3 a6 42. a4 b5 43. axb5 axb5 44. g4 Nxe3 45. fxe3 b4 46. Kd3 b3 47. Kc3 Kd5 48. g5 Ke4 49. Kxb3 Kxe3 50. Kc3 Kf4 51. Kd3 Kxg5 52. Ke3 Kg4 53. Ke4 Kh3 54. Kf4 Kxh2 55. Kg5 Kg3 56. Kh6 Kh4 57. Kxh7 g5 0-1